书目信息 |
| 题名: |
口岸常见水果和豆类识别图鉴
|
|
| 作者: | 陈伟琪 主编 | |
| 分册: | ||
| 出版信息: | 广州 广东科技出版社 2019.01 |
|
| 页数: | 188页 | |
| 开本: | 27cm | |
| 丛书名: | ||
| 单 册: | ||
| 中图分类: | S412-64 , S52-64 | |
| 科图分类: | ||
| 主题词: | 水果--shui guo--国境检疫--识别--中国--图解 , 豆类作物--dou lei zuo wu--国境检疫--识别--中国--图解 | |
| 电子资源: | ||
| ISBN: | 978-7-5359-7023-7 | |
| 000 | 01081nam0 2200265 450 | |
| 001 | CAL 0120192685098 | |
| 005 | 20230217093111.0 | |
| 010 | @a978-7-5359-7023-7@b精装@dCNY108.00 | |
| 100 | @a20190227d2019 em y0chiy0120 ea | |
| 101 | 0 | @achi |
| 102 | @aCN@b440000 | |
| 105 | @aak a 001yy | |
| 106 | @ar | |
| 200 | 1 | @a口岸常见水果和豆类识别图鉴@Akou an chang jian shui guo he dou lei shi bie tu jian@f主编陈伟琪 |
| 210 | @a广州@c广东科技出版社@d2019.01 | |
| 215 | @a188页@c彩图@d27cm | |
| 320 | @a有书目 (第188页) 和有索引 | |
| 330 | @a本书结合口岸多年来截获的实际情况, 收录了出入境人员经常携带的供人食用的常见100多种新鲜水果和20多种豆类禁止进境物。每一个种类均包括了常用中文名、拉丁名、常见度、图片、英文名、分类、特征、主要产地等信息, 特别是一些稀有水果、豆类、剖果、种子图片等。 | |
| 606 | 0 | @a水果@Ashui guo@x国境检疫@x识别@y中国@j图解 |
| 606 | 0 | @a豆类作物@Adou lei zuo wu@x国境检疫@x识别@y中国@j图解 |
| 690 | @aS412-64@v5 | |
| 690 | @aS52-64@v5 | |
| 701 | 0 | @a陈伟琪@Achen wei qi@4主编 |
| 801 | 0 | @aCN@bBJXHZP@c20230228 |
| 905 | @b1408092-5@dS412-64@e230@f4 | |
| 口岸常见水果和豆类识别图鉴/主编陈伟琪.-广州:广东科技出版社,2019.01 |
| 188页:彩图;27cm |
| ISBN 978-7-5359-7023-7(精装):CNY108.00 |
| 本书结合口岸多年来截获的实际情况, 收录了出入境人员经常携带的供人食用的常见100多种新鲜水果和20多种豆类禁止进境物。每一个种类均包括了常用中文名、拉丁名、常见度、图片、英文名、分类、特征、主要产地等信息, 特别是一些稀有水果、豆类、剖果、种子图片等。 |
| ● |
| 相关链接 |
|
|
|
|
正题名:口岸常见水果和豆类识别图鉴
索取号:S412-64/230
 
预约/预借
| 序号 | 登录号 | 条形码 | 馆藏地/架位号 | 状态 | 备注 |
| 1 | 1408092 | 214080929 | 第二样本阅览室/ [索取号:S412-64/230] | 在馆 | |
| 2 | 1408093 | 214080938 | 第三借阅区/ [索取号:S412-64/230] | 在馆 | |
| 3 | 1408094 | 214080947 | 第三借阅区/ [索取号:S412-64/230] | 在馆 | |
| 4 | 1408095 | 214080956 | 第三借阅区/ [索取号:S412-64/230] | 在馆 |